Dualizmus výkonnej moci na Slovensku
Parlamentná forma vlády. Prezident. Hlava štátu na Slovensku. Vzťah vlády a prezidenta. Menovanie a odvolávanie členov vlády. Právomoci pri zasadnutiach vlády. Zastupovanie hlavy štátu.
Gespeichert in:
| 1. Verfasser: | |
|---|---|
| Format: | Buchkapitel |
| Sprache: | Slowakisch |
| Schlagworte: | |
| Tags: |
Keine Tags, Fügen Sie das erste Tag hinzu!
|
MARC
| LEADER | 00000naa a2200000 4500 | ||
|---|---|---|---|
| 001 | 0230013 | ||
| 005 | 20220805074237.1 | ||
| 041 | 0 | |a slo | |
| 044 | |a SK | ||
| 245 | 1 | 0 | |a Dualizmus výkonnej moci na Slovensku |c Peter Horváth |
| 520 | |a Parlamentná forma vlády. Prezident. Hlava štátu na Slovensku. Vzťah vlády a prezidenta. Menovanie a odvolávanie členov vlády. Právomoci pri zasadnutiach vlády. Zastupovanie hlavy štátu. | ||
| 610 | 2 | 0 | |a Slovensko |
| 610 | 2 | 0 | |a vláda |
| 610 | 2 | 0 | |a prezidenti |
| 610 | 2 | 0 | |a parlamenty |
| 610 | 2 | 0 | |a politika vnútorná |
| 100 | 1 | |a Horváth, Peter | |